Cinéma Clic - Qui meurt ou reste en vie dans le film Heat (1995) ? - Statistiques

Statistiques générales
  • Ce quiz a été pris 73 fois
  • Le résultat moyen est 14 sur 20
Statistiques - réponses
Hint Extra Hint Explanation Réponse % Correct
Neil McCauley Neil McCauley abattu par Vincent Hanna Meurt dans le film
90%
Waingro, surnommé « l'artiste » Waingro, surnommé « l'artiste » tué par Neil McCauley Meurt dans le film
87%
Charlene Shiherlis Charlene Shiherlis reste en vie Reste en vie dans le film
87%
Michael Cheritto Michael Cheritto abattu par Vincent Hanna (il avait pris en otage une fillette qui est sauvée) Meurt dans le film
85%
Eady Eady reste en vie Reste en vie dans le film
85%
Trejo Trejo torturé par Waingro et achevé par Neil McCauley (la femme de Trejo est aussi tuée) Meurt dans le film
84%
Lauren Gustafson Lauren Gustafson reste en vie (sauvée à temps lors d'une tentative de suicide) Reste en vie dans le film
84%
le lieutenant Vincent Hanna le lieutenant Vincent Hanna reste en vie Reste en vie dans le film
80%
Donald Breedan Donald Breedan abattu par la police Meurt dans le film
79%
Justine Hanna Justine Hanna reste en vie Reste en vie dans le film
77%
Roger Van Zant Roger Van Zant tué par Neil McCauley Meurt dans le film
74%
Kai Soremekun, prostituée Kai Soremekun, prostituée tuée par Waingro Meurt dans le film
70%
Nate Nate reste en vie Reste en vie dans le film
64%
Chris Shiherlis Chris Shiherlis reste en vie Reste en vie dans le film
61%
Alan Marciano Alan Marciano reste en vie Reste en vie dans le film
61%
Solenko Solenko reste en vie Reste en vie dans le film
61%
Lillian Lillian reste en vie Reste en vie dans le film
59%
l'inspecteur Mike Bosko l'inspecteur Mike Bosko tué par les braqueurs Meurt dans le film
57%
Dr Bob Dr Bob reste en vie Reste en vie dans le film
56%
l'inspecteur Sammy Casals l'inspecteur Sammy Casals reste en vie Reste en vie dans le film
46%
Aucun quiz correspondant
Distribution des résultats
% des personnes avec chaque résultat
Percentile par nombre de réponses
Votre historique - résultats
Vous n’avez pas pris ce quiz